|
|
|
|
| LEADER |
00000nam0a2200000 4500 |
| 001 |
320907 |
| 005 |
20231102003325.0 |
| 035 |
|
|
|a (RuTPU)RU\TPU\book\346438
|
| 090 |
|
|
|a 320907
|
| 100 |
|
|
|a 20160729d1929 km y0rusy50 ca
|
| 101 |
1 |
|
|a rus
|c ger
|
| 102 |
|
|
|a RU
|
| 105 |
|
|
|a a z 000zy
|
| 200 |
1 |
|
|a Районная электрическая станция на низкосортном угле
|e пер. с нем.
|f А. Шрейбер
|g пер. В. Л. Гордона и Р. Л. Минца
|
| 210 |
|
|
|a Москва
|c Гостехиздат
|d 1929
|
| 215 |
|
|
|a 128 с.
|c ил.
|
| 225 |
1 |
|
|a Б. Серия 4. Инженерно-промышленная библиотека
|v № II-17
|
| 606 |
1 |
|
|a Электрические станции
|2 stltpush
|3 (RuTPU)RU\TPU\subj\27616
|9 51341
|
| 610 |
1 |
|
|a районные электростанции
|
| 610 |
1 |
|
|a низкосортные угли
|
| 610 |
1 |
|
|a здания
|
| 610 |
1 |
|
|a оборудование
|
| 610 |
1 |
|
|a углеснабжение
|
| 610 |
1 |
|
|a сжигание
|
| 610 |
1 |
|
|a золоудаление
|
| 610 |
1 |
|
|a водяное хозяйство
|
| 610 |
1 |
|
|a электрическое хозяйство
|
| 610 |
1 |
|
|a котельные
|
| 610 |
1 |
|
|a турбоагрегаты
|
| 675 |
|
|
|a 621.311.2
|v 4
|
| 700 |
|
1 |
|a Шрейбер
|b А.
|g Альберт
|
| 702 |
|
1 |
|a Гордон
|b В. Л.
|4 730
|
| 702 |
|
1 |
|a Минц
|b Р. Л.
|4 730
|
| 801 |
|
1 |
|a RU
|b 63413507
|c 20160729
|
| 801 |
|
2 |
|a RU
|b 63413507
|c 20200929
|g RCR
|
| 942 |
|
|
|c BK
|